LEADER 02386 am 2200529 n 450 001 9910348253703321 005 20190123 010 $a2-7297-1012-4 024 7 $a10.4000/books.pul.15555 035 $a(CKB)4100000009763190 035 $a(FrMaCLE)OB-pul-15555 035 $a(oapen)https://directory.doabooks.org/handle/20.500.12854/59676 035 $a(PPN)24165422X 035 $a(EXLCZ)994100000009763190 100 $a20210809j|||||||| ||| 0 101 0 $afre 135 $auu||||||m|||| 181 $ctxt$2rdacontent 182 $cc$2rdamedia 183 $acr$2rdacarrier 200 13$aLe Soleil noir $eUn quartier de Saint-Étienne (1840-1940) /$fJean-Paul Burdy 210 $aLyon $cPresses universitaires de Lyon$d2019 215 $a1 online resource (272 p.) 311 $a2-7297-0353-5 330 $aMineurs, métallurgistes et ouvrières de la passementerie peuplent, pendant plus d'un siècle, le quartier stéphanois du Soleil. Les histoires individuelles et familiales, et la mémoire ouvrière montrent pourtant que l'homogénéité sociale n'est qu'apparente. La réalité et les images du travail et des métiers changent, de même que les courants migratoires. Les manières de vivre et d'habiter, les rapports hommes/femmes, les clivages religieux et politiques évoluent plus ou moins rapidement, mais de manière perceptible. C'est le changement social et culturel de tout le bassin industriel de Saint-Etienne qui se lit en filigrane dans cette étude d'histoire urbaine et de la mobilité sociale. 517 $aSoleil noir 606 $aWorking class$zFrance$zSaint-Etienne (Loire)$xHistory$y19th century 606 $aWorking class$zFrance$zSaint-Etienne (Loire)$xHistory$y20th century 607 $aSaint-Etienne (Loire, France)$xSocial conditions 607 $aSoleil (Saint-Etienne, Loire, France)$xSocial conditions 610 $aville 610 $abassin industriel 610 $amétallurgiste 610 $aquartier 610 $aouvrier 610 $amineur 610 $aquartier ouvrier 610 $amémoire ouvrière 615 0$aWorking class$xHistory 615 0$aWorking class$xHistory 676 $a610/.944/582309031 700 $aBurdy$b Jean-Paul$01291144 801 0$bFR-FrMaCLE 906 $aBOOK 912 $a9910348253703321 996 $aLe Soleil noir$93035352 997 $aUNINA LEADER 01886nam 2200481I 450 001 9910705289903321 005 20140828155712.0 035 $a(CKB)5470000002448464 035 $a(OCoLC)889460373 035 $a(EXLCZ)995470000002448464 100 $a20140828d2013 ua 0 101 0 $aeng 135 $aurcn||||||||| 181 $ctxt$2rdacontent 182 $cc$2rdamedia 183 $acr$2rdacarrier 200 10$aImproved subcell model for the prediction of braided composite response /$fChristopher R. Cater [and three others] 210 1$aCleveland, Ohio :$cNational Aeronautics and Space Administration, Glenn Research Center,$d2013. 215 $a1 online resource (20 pages) $ccolor illustrations 225 1 $aNASA/TM ;$v2013-217875 300 $aTitle from title screen (viewed on Aug. 28, 2014). 300 $a"June 2013." 300 $a"Prepared for the The 54th Structures, Structural Dynamics, and Materials Conference (SDM) cosponsored by AIAA, ASME, ASCE, AHS, and ASC, Boston, Massachusetts, April 8-11, 2013." 320 $aIncludes bibliographical references (pages 19-20). 606 $aBraided composites$2nasat 606 $aPolymer matrix composites$2nasat 606 $aFinite element method$2nasat 606 $aMicromechanics$2nasat 606 $aMathematical models$2nasat 615 7$aBraided composites. 615 7$aPolymer matrix composites. 615 7$aFinite element method. 615 7$aMicromechanics. 615 7$aMathematical models. 700 $aCater$b Christopher R.$01404358 712 02$aNASA Glenn Research Center, 712 02$aUnited States.$bNational Aeronautics and Space Administration, 801 0$bGPO 801 1$bGPO 906 $aBOOK 912 $a9910705289903321 996 $aImproved subcell model for the prediction of braided composite response$93478797 997 $aUNINA